000 00341nam a2200133Ia 4500
008 240624s9999 xx 000 0 und d
041 _aeng
082 _a300.72 JEA
100 _aJEANES EMMA
245 _aCRITICAL MANAGEMENT RESEARCH REFLECTIONS
260 _c2014
_aLondon
_bSage
300 _aix, : 246 : p. : cm. ; 24
365 _cGBP
_b38
999 _c27550
_d27550